Statistics for Mother in 20 different languages

Click here to take the quiz!

General Stats

  • This quiz has been taken 53 times
    (52 since last reset)
  • The average score is 13 of 20

Answer Stats

MotherLanguage% Correct
MadreSpanish/Italian
93%
어머니 (Eomeoni)Korean
90%
MamaPolish/Romanian/Swahili/Russian
90%
أم ('um)Arabic
85%
אִמָא (Imma)Hebrew
80%
母亲 (mǔqīn)Chinese
78%
μητέρα (mitéra)Greek
75%
मां (Mɑ̃)Hindi
75%
母 (Mǔ)Japanese
73%
MãePortuguese
68%
MorDanish/Norwegian/Swedish
65%
MoederDutch/Afrikaans
65%
MaterLatin
60%
مادر (Mādar)Persian
60%
MajkaBosnian/Croatian/Macedonian/Serbian
55%
MatkaCzech/Slovak
50%
IbuIndonesian/Malay
45%
AnneTurkish
45%
MẹVietnamese
43%
Mutancient Egyptian
8%

Score Distribution

Percentile by Number Answered

Percent of People with Each Score

Your Score History

You have not taken this quiz since the last reset